Kisajátítható-e Tamási Áron végrendelete

Elmentve itt :
Bibliográfiai részletek
Szerző: SZABÓ Zsolt
Adatforrás:Meister
Forrásdokumentuma:Művelődés. -
11 sz., 1997, 19-20 p.
Nyelv:magyar
Kulcsszavak:művelődéstörténet
TAMÁSI Áron
LEADER 00377nab a2200133 i 4500
001 bibPRO00001371
008 060524s1997 xx hun
040 |a Sz1 
041 |a hun 
100 1 |a SZABÓ Zsolt 
245 1 0 |a Kisajátítható-e Tamási Áron végrendelete  |c SZABÓ Zsolt 
695 |a művelődéstörténet 
695 |a TAMÁSI Áron 
773 0 |t Művelődés. -  |g 11 sz., 1997, 19-20 p.